Z deníku bulimičky /

Hlavní autor: Sladká-Ševčíková, Jana, 1968-
Jazyk: Čeština
Vydáno: Praha : Portál, 2003
Vydání: Vyd. 1.
Témata:
Externí odkaz: Digitalizovaný dokument
Fyzický popis: 127 s. ; 20 cm
Knihy
Uloženo v:
LEADER 01269nam a2200361 a 4500
001 000684308
003 CZ BrMZK
005 20080610082308.0
007 ta
008 030828s2003 xr e 000 0dcze d
015 |a cnb001254309 
020 |a 80-7178-795-7  |q (brož.) 
035 |a (OCoLC)53859559 
040 |a BOA001  |b cze 
072 7 |a 616.89  |x Psychiatrie  |2 Konspekt  |9 14 
080 |a 616.89-008.441:613.25  |2 MRF 
080 |a 616-052  |2 MRF 
080 |a 316.344.6-056.34  |2 MRF 
080 |a (0:82-94)  |2 MRF 
100 1 |a Sladká-Ševčíková, Jana,  |d 1968-  |7 mzk2003199039  |4 aut 
245 1 0 |a Z deníku bulimičky /  |c Jana Sladká-Ševčíková 
250 |a Vyd. 1. 
260 |a Praha :  |b Portál,  |c 2003 
300 |a 127 s. ;  |c 20 cm 
504 |a Obsahuje bibliografie 
650 0 7 |a mentální bulimie  |7 ph122757  |2 czenas 
650 0 7 |a nemocní  |7 ph123222  |2 czenas 
650 0 7 |a duševně nemocní  |7 ph119646  |2 czenas 
655 7 |a autobiografické vzpomínky  |7 fd131854  |2 czenas 
856 4 1 |u http://www.digitalniknihovna.cz/mzk/uuid/uuid:04569c30-21e1-11e3-9319-005056827e51  |y Digitalizovaný dokument  |x NDK 
910 |a BOA001  |b 2-1120.583 
990 |a BK 
996 6 |b 2610197284  |c 2-1120.583  |l MZK  |r Sklad / do 1 hodiny  |n 19  |p p.v.  |w 000684308  |u 000010  |a 1  |e BOA001  |j MZK50  |s P